01611nam a2200361 a 4500001001000000003000500010005001700015008004100032010001100073011001100084040000900095090001000104100004500114245016400159260006000323500006000383502009100443590004000534590004000574590004000614650003900654650003000693650004200723650005200765650004400817856007000861901000700931942001000938942000600948999001900954952013600973952014001109000111396CHAP20220329144209.0150407s2015 mx sm |||||||spa d a107858 a108830 cCHAP aTesis1 aEsparza Ibarra, Mireya Elizabeth912925110aVoces sobre la interculturalidad:h[En línea]bnarrativas de jóvenes provenientes de comunidades rurales de Chiapas /cpor Mireya Elizabeth Esparza Ibarra. aSan Cristobal de las Casas, Chiapas :bEl autor,c2015. aPara ver el contenido del material haga clic en la liga aTesis (M. C. en Desarrollo Rural Regional) -- UACH. Departamento de Centros Regionales aE5765TAJb05c20150407lUCH01h1132 aE5765TAJb05c20150407lUCH01h1132 aE5765TAJb05c20150414lUCH01h0959 aIndios de ChiapasxCultura912783914aEducación rural.93558614aEducación superiorxChiapas.93561314aIndios de ChiapasxCondiciones sociales.95759414aIndios de ChiapasxEducación.9127840 aFinding aiduhttp://10.13.5.2/tesis/sist111396.pdfzTeclea aquí aBK cTESIS n0 c107858d107858 00104054718TESISaBCbBCd2015-04-07fTESISl0oTesisp33724002480660r2019-12-31 00:00:00w2019-12-31yTESISzRecien adquirido 00102local4053708TESISaBCbBCcPA_TESISd2015-04-07fTESISl0oTesisp33724002480702r2019-12-31 00:00:00tc.2w2019-12-31yTESIS